Normal view
MARC view
Entry Geographic Name
001 - CONTROL NUMBER
- control field: 875968
003 - CONTROL NUMBER IDENTIFIER
- control field:
005 - DATE AND TIME OF LATEST TRANSACTION
- control field: 20210627090309.0
008 - FIXED-LENGTH DATA ELEMENTS
- fixed length control field: 210627|| aca||aabn | a|a d
040 ## - CATALOGING SOURCE
- Original cataloging agency:
- Transcribing agency:
151 ## - HEADING--GEOGRAPHIC NAME
- Geographic name: United states
- General subdivision: Economic condition
- Chronological subdivision: 2001-
670 ## - SOURCE DATA FOUND
- Source citation: Work cat.: ()755939: Blankert, Jan Willem 875966, China rising :, c2009
